000
00306nas a2200133 4500
999
_c
22
_d
22
003
OSt
005
20190828100050.0
008
190828b ||||| |||| 00| 0 eng d
022
_a
21582866
245
_a
Journal of Ship Production and Design
260
_a
Alexdria
_b
SNAME
310
_a
Quartely
942
_2
ddc
_s
1